[Event "RN-2013-0-00614"]
[Site "LSS email"]
[Date "2013.03.08"]
[Round "?"]
[White "Hughes, Peter"]
[Black "Lombardi, Donato"]
[Result "0-1"]
[WhiteElo "700"]
[BlackElo "739"]
[PlyCount "62"]
[EventDate "2013.02.27"]
[EventType "tourn (corr)"]
[EventRounds "6"]
[EventCountry "GER"]
[SourceTitle "Telechess CBM 159"]
[Source "ChessBase"]
[SourceDate "2014.03.17"]
[SourceVersion "1"]
[SourceVersionDate "2014.03.17"]
[SourceQuality "1"]

1. e4 e6 2. d4 d5 3. Nc3 Nf6 4. e5 Nfd7 5. Nf3 a6 6. Bd3 c5 7. dxc5 Nc6 8. Be3 Ncxe5 9. Nxe5 Nxe5 10. Bf4 Nxd3+ 11. cxd3 Bxc5 12. 0-0 Bd6 13. Qd2 Bxf4 14. Qxf4 Bd7 15. Qe5 0-0 16. Rfe1 f6 17. Qg3 Re8 18. Rac1 Bc6 19. Ne2 e5 20. d4 e4 21. Nf4 Qd6 22. Qg4 Rac8 23. Nh5 Rc7 24. Re3 Ree7 25. Ng3 Bd7 26. Qd1 Bb5 27. Nf5 Rxc1 28. Qxc1 Rc7 29. Rc3 Rxc3 30. Qxc3 Qd7 31. Qg3 Qxf5 0-1

[Event "RN-2013-0-00588"]
[Site "LSS email"]
[Date "2013.01.11"]
[Round "?"]
[White "Cherry, Brian"]
[Black "Hughes, Peter"]
[Result "1/2-1/2"]
[WhiteElo "700"]
[BlackElo "709"]
[PlyCount "104"]
[EventDate "2013.01.01"]
[EventType "tourn (corr)"]
[EventRounds "6"]
[EventCountry "GER"]
[SourceTitle "Telechess CBM 159"]
[Source "ChessBase"]
[SourceDate "2014.03.17"]
[SourceVersion "1"]
[SourceVersionDate "2014.03.17"]
[SourceQuality "1"]

1. e4 c6 2. Nf3 d5 3. exd5 cxd5 4. d4 Nf6 5. Nc3 Bg4 6. h3 Bh5 7. Be2 e6 8. g4 Bg6 9. Bb5+ Nc6 10. Ne5 Qc7 11. f3 0-0-0 12. Bf4 Qb6 13. Nxg6 hxg6 14. b3 Nxd4 15. Qd3 a6 16. Be3 e5 17. Bxd4 exd4 18. Na4 Qa5+ 19. Kf2 axb5 20. Nb2 Bc5 21. a4 Qa6 22. axb5 Qd6 23. Na4 Rde8 24. c3 Ba7 25. cxd4 Qf4 26. Nc3 Re3 27. Qxe3 Bxd4 28. Qxd4 Qxd4+ 29. Kg2 Qe5 30. Ra8+ Kc7 31. Nxd5+ Nxd5 32. Rc1+ Kb6 33. Rxh8 Ne3+ 34. Kf2 Nd5 35. Rh1 Qe3+ 36. Kg3 f5 37. gxf5 Qg5+ 38. Kh2 Nf4 39. Rg1 Qxf5 40. Rg4 Qc2+ 41. Kg3 Nh5+ 42. Kh4 Qf2+ 43. Kg5 Qc2 44. Rxh5 gxh5 45. Kxh5 Qh7+ 46. Kg5 g6 47. Rh4 Qe7+ 48. Kg4 Qf6 49. Kg3 Kxb5 50. Rf4 Qe5 51. h4 g5 52. hxg5 Qxg5+ 1/2-1/2